00523cam a22001577a 4500008004000000082001600040100007000056245006800126260004100194300001000235650003800245650003200283700001700315700001600332700001700348180718b1991 xxu||||| |||| 00| 0 eng d aYA6x54 So64 aWorkshop on Technology transfer (November 11-22, 1991: New Delhi) aProceedingscedited by G.D. Sootha, S.K. Gupta and Jugal Kishor aNew DelhibSolar Energy Centrec1991 a262p. aTechnological innovations - India aTechnology transfer - India aJugal Kishor aGupta, S.K. aSootha, G.D.